00398nam a2200121Ia 4500003000400000005001700004008004100021040001800062041000800080100005100088245009900139260003800238OSt20260119112428.0211028s2013 xx 000 0 und d cAIMIT LIBRARY aeng aThasleem, Mohammed;Shetty, Prathibha.g1116099 aMarket feasibility study of a new energy drink with reference to global associates Kasaragod / aMangalorebPrathibha Shettyc2013